| 000 | 00559nam a22001457a 4500 | ||
|---|---|---|---|
| 020 | _a978-0-0994-8176-8 | ||
| 082 |
_a823 _bGRI/A |
||
| 100 | _aGRISHAM,JOHN | ||
| 245 | _aTHE APPEAL | ||
| 260 |
_aLONDON _bARROW BOOKS |
||
| 300 | _a501 | ||
| 520 | _aThe Appeal (2008) is a legal thriller by American writer John Grisham. It follows a corporation that tries to reverse the court-ordered decision to pay millions of dollars to people who developed cancer after their company dumped toxins in the drinking water. | ||
| 650 |
_aNOVEL,ENGLISH _zLONDON |
||
| 942 | _cBK | ||
| 999 |
_c2376 _d2376 |
||